00453nam a2200145Ia 4500008004100000041000800041082001500049100001900064245001300083260003400096300002300130365001100153999001500164952012800179240624s9999 xx 000 0 und d aeng a891.46 DES aDESHPANDEY P L aGANDHIJI c2006aPunebRajhans Prakashan a86 : p. : cm. ; 22 cRSb20 c6899d6899 00104070aIMTNbIMTNcRack 43-Ad2007-10-24eWBDg75.00l0n589o891.46 DESp6899r2024-06-24 00:00:00t1w2024-06-24yBK